| 000 | 00990nam a2200277 a 4500 | ||
|---|---|---|---|
| 001 | 000006721 | ||
| 003 | DO-SdBNP | ||
| 005 | 20251209121908.0 | ||
| 008 | 090902s1998 dr a 000 0 spa d | ||
| 040 |
_aDO-SdBNP _bspa _cBNPHU |
||
| 082 |
_a320.014 _bP849h |
||
| 100 | 1 |
_aPortes Bautista, Francisco _918706 |
|
| 245 | 1 | 0 |
_aHerramientas y técnicas de persuasión política y campañas electorales / _cFrancisco Portes Bautista. |
| 260 |
_aSanto Domingo : _bEducando, _c1998. |
||
| 300 |
_a310 p. : _bil. ; _c22 cm. |
||
| 500 | _aIncluye referencias bibliográficas y notas al pie de las páginas. | ||
| 504 | _aBibliografía: p.297-310. | ||
| 590 | _aInventariado, 2019/MFF | ||
| 650 | 0 |
_aCampaña electoral _946157 |
|
| 650 | 4 |
_aPropaganda electoral _918708 |
|
| 650 | 4 |
_aPublicidad política _96359 |
|
| 650 | 4 |
_aPolítica y medios de comunicación de masas _918709 |
|
| 650 | 4 |
_aPsicología política _918710 |
|
| 910 | _aValidado. Control de calidad EMS. | ||
| 942 |
_2ddc _cLBS1 |
||
| 999 |
_c6510 _d6510 |
||